<?xml version="1.0" encoding="UTF-8"?>
<record
    xmlns:xsi="http://www.w3.org/2001/XMLSchema-instance"
    xsi:schemaLocation="http://www.loc.gov/MARC21/slim http://www.loc.gov/standards/marcxml/schema/MARC21slim.xsd"
    xmlns="http://www.loc.gov/MARC21/slim">

  <leader>00795nam a22002297a 4500</leader>
  <controlfield tag="003">OSt</controlfield>
  <controlfield tag="005">20131129100339.0</controlfield>
  <controlfield tag="008">130417s2010    sp ||||| |||||00| 0 cat d</controlfield>
  <datafield tag="020" ind1=" " ind2=" ">
    <subfield code="a">9788439385004</subfield>
  </datafield>
  <datafield tag="040" ind1=" " ind2=" ">
    <subfield code="c"> CDMR</subfield>
  </datafield>
  <datafield tag="100" ind1="1" ind2=" ">
    <subfield code="9">489</subfield>
    <subfield code="a">Tresserras, Joan Manuel</subfield>
  </datafield>
  <datafield tag="245" ind1="1" ind2=" ">
    <subfield code="a">Pol&#xED;tiques de cultura i comunicaci&#xF3; i construcci&#xF3; nacional</subfield>
    <subfield code="c">Joan Manuel Tresserras</subfield>
  </datafield>
  <datafield tag="260" ind1=" " ind2=" ">
    <subfield code="a">[Barcelona]</subfield>
    <subfield code="b">Generalitat de Catalunya. Departament de Presidencia</subfield>
    <subfield code="c">2010</subfield>
  </datafield>
  <datafield tag="300" ind1=" " ind2=" ">
    <subfield code="a">67 p.</subfield>
  </datafield>
  <datafield tag="490" ind1="0" ind2=" ">
    <subfield code="a">Discursos i confer&#xE8;ncies</subfield>
    <subfield code="v">44</subfield>
  </datafield>
  <datafield tag="500" ind1=" " ind2=" ">
    <subfield code="a">Recull de confer&#xE8;ncies i d'articles publicats a diaris</subfield>
  </datafield>
  <datafield tag="600" ind1="1" ind2=" ">
    <subfield code="9">489</subfield>
    <subfield code="a">Tresserras, Joan Manuel</subfield>
    <subfield code="v">Recull d'escrits</subfield>
  </datafield>
  <datafield tag="650" ind1="0" ind2="4">
    <subfield code="9">3211</subfield>
    <subfield code="a">Comunicaci&#xF3; i cultura</subfield>
  </datafield>
  <datafield tag="650" ind1="0" ind2="4">
    <subfield code="9">3247</subfield>
    <subfield code="a">Catalunya</subfield>
    <subfield code="x">Pol&#xED;tica</subfield>
  </datafield>
  <datafield tag="650" ind1="0" ind2="4">
    <subfield code="9">4412</subfield>
    <subfield code="a">Pol&#xED;tica cultural</subfield>
  </datafield>
  <datafield tag="942" ind1=" " ind2=" ">
    <subfield code="2">udc</subfield>
    <subfield code="c">MON</subfield>
  </datafield>
  <datafield tag="999" ind1=" " ind2=" ">
    <subfield code="c">6107</subfield>
    <subfield code="d">6107</subfield>
  </datafield>
  <datafield tag="952" ind1=" " ind2=" ">
    <subfield code="0">0</subfield>
    <subfield code="1">0</subfield>
    <subfield code="4">0</subfield>
    <subfield code="7">0</subfield>
    <subfield code="a">CDMR</subfield>
    <subfield code="b">CDMR</subfield>
    <subfield code="d">2013-01-16</subfield>
    <subfield code="l">0</subfield>
    <subfield code="o">Ca 10/5</subfield>
    <subfield code="p">CDMR13046214</subfield>
    <subfield code="r">2013-04-17</subfield>
    <subfield code="w">2013-04-17</subfield>
    <subfield code="y">MON</subfield>
  </datafield>
</record>
